Countries Only Bordering Eurovision 2025 Countries - Statistics

General Stats
  • This quiz has been taken 179 times
  • The average score is 11 of 15
Answer Stats
Country % Correct
United Kingdom
82%
Ireland
81%
Portugal
80%
Sweden
80%
Luxembourg
79%
Belgium
77%
Netherlands
76%
Denmark
74%
San Marino
74%
Andorra
72%
Germany
71%
Monaco
71%
Liechtenstein
69%
Vatican City
66%
Bosnia and Herzegovina
61%
No matching quizzes found
Score Distribution
Percent of People with Each Score
Percentile by Number Answered
Your Score History
You have not taken this quiz